000 002700000a22000970004500
100 1 _aFoster, Graham
245 1 0 _aMaking sense of Matthew 25:31-46
300 _aVol. 16, Num. 2 (1998), Páginas 128-139
773 0 _tScottish Bulletin of Evangelical Theology
942 _cANA
999 _c55751
_d55751